EL MUNDO COMUNISTA: UNA FE QUE SE DERRUMBA/
TRADUCCION DE: WORLD COMMUNISM
Gorde:
| Egile nagusia: | |
|---|---|
| Formatua: | Liburua |
| Gaiak: | |
| Etiketak: |
Etiketarik gabe, Izan zaitez lehena erregistro honi etiketa jartzen!
|
MARC
| LEADER | 00000nam^a2200000^a^4500 | ||
|---|---|---|---|
| 001 | 000222658 | ||
| 005 | 20250521000000.0 | ||
| 009 | 20260310103953.101 | ||
| 035 | |a 033421 | ||
| 037 | |a Acervo Xavier Clavigero | ||
| 082 | |a 335. 43 LOW | ||
| 100 | |a Lowenthal, Richard |e (autor) | ||
| 245 | 1 | 3 | |a EL MUNDO COMUNISTA: |b UNA FE QUE SE DERRUMBA/ |c RICHARD LOWENTHAL; TR. LUIS ECHAVARRI |
| 264 | |a BUENOS AIRES : |b TROQUEL, |c 1965 | ||
| 300 | |a 259p. 2ej. | ||
| 336 | |a texto |b txt |2 rdacontenido | ||
| 337 | |a sin mediación |b n |2 rdamedio | ||
| 338 | |a volumen |b nc |2 rdasoporte | ||
| 520 | |a TRADUCCION DE: WORLD COMMUNISM | ||
| 649 | |a XX | ||
| 650 | |a Comunismo | ||
| 910 | |a Fondo General | ||
| 920 | |a Impresos - Libros | ||
| 930 | |a Colección General | ||
| 905 | |a 101 | ||
| 901 | |a 033421 |b IT1 |c ACC |i 033421 |u 20250521 | ||
| 901 | |a 014714 |b IT1 |c ACC |i 014714 |u 20250521 | ||
| 902 | |a https://opac.biblio.iteso.mx/vufind/Record/000222658 | ||